Top 15 Orlando Magic players of all-time - Statistics

General Stats
  • This quiz has been taken 14 times
  • The average score is 8 of 15
Answer Stats
Pos/Placement Answer % Correct
C #2 Shaquille Oneal
100%
PG #3 Penny Hardaway
93%
C #4 Dwight Howard
86%
SF #6 Nick Anderson
79%
SG #9 Hedo Turkoglu
71%
PG #13 Jameer Nelson
71%
SF #1 Tracy Mcgrady
71%
C #7 Nikola Vucevic
64%
C #12 Horace Grant
50%
PF #11 Rashard Lewis
50%
SF #5 Grant Hill
36%
SG #10 Scott Skiles
29%
PG #8 Dennis Scott
14%
PG #14 Steve Francis
7%
SF #15 Reggie Theus
0%
No matching quizzes found
Score Distribution
Percent of People with Each Score
Percentile by Number Answered
Your Score History
You have not taken this quiz